000
002430000a22000970004500
100
1
_a
Algañaraz, Julio
245
1
0
_a
Una paz medio orientada : Palestina
300
_a
Vol. 13, Núm 13 (1993), Páginas 50-52
773
0
_t
Cambio 16
942
_c
ANA
999
_c
58475
_d
58475